| 000 | 00855nam a2200205 i 4500 | ||
|---|---|---|---|
| 001 | 104885 | ||
| 003 | ES-MaACL | ||
| 005 | 20230906183721.0 | ||
| 007 | t| | ||
| 008 | 060522s1936 mx ||||1| spa d | ||
| 080 | _a61 Harvey, William | ||
| 100 | 1 |
_aIzquierdo, José Joaquín. _965708 |
|
| 245 | 1 | 0 |
_aHarvey iniciador del método experimental _b: estudio crítico de su obra "De motu cordis" y de los factores que la mantuvieron ignorada en los paises de habla española, con una reproducción fascsimilar de la edición original y su primera versión castellana / _cpor José Joaquín Izquierdo. |
| 260 |
_aMéxico : _bCiencia, _c1936. |
||
| 300 |
_aXVII, 398 p. ; _c23 cm. |
||
| 500 | _aBiblioteca Jacinto Martínez Lacalle. | ||
| 600 | 1 | 4 |
_aHarvey, William. _962025 |
| 700 | 1 |
_aHarvey, William. _962025 |
|
| 852 |
_aES-MaACL _jE-11207 _bR.138930 |
||
| 999 |
_c104885 _d104885 |
||